000 00954cam a2200289Ia 4500
001 78307
005 20230410124055.0
008 060112e2005uuuumx al g 000 0 spa d
035 _a(OCoLC)ocm62882439
040 _aMX6ZV
_bspa
_cMX6ZV
_dBAKER
_dBTCTA
_dYDXCP
020 _a968167541X
020 _a9789681675417
035 _a(OCoLC)62882439
050 1 4 _aLC5215
_bE38
049 _aGRAL
245 1 0 _aEducación para adultos :
_bmás allá de la retórica /
_cOrganización para la Cooperación y el Desarrollo Económicos.
260 _aMéxico :
_bFCE,
_c2005.
300 _a442 p.
_bil.;
_c23 cm.
440 0 _aSección de obras de educación y pedagogía.
650 2 4 _aEducacio§n
_xAdultos.
938 _aBaker & Taylor
_bBKTY
_c23.95
_d17.96
_i968167541X
_n0006680322
_sactive
938 _aBaker and Taylor
_bBTCP
_nBK0006680322
938 _aYBP Library Services
_bYANK
_n2910090
942 _2lcc
_cbk
994 _aC0
_bDRFGD
946 _almm
999 _c70462
_d70462